[Event "NB1 Charousek csoport"]
[Site "Paks"]
[Date "2024.11.03"]
[Round "1.7"]
[White "Bodnar, Zoltan"]
[Black "Toth, Gergely"]
[Result "0-1"]
[WhiteElo "2114"]
[BlackElo "2145"]
[PlyCount "52"]
[EventDate "2024.11.03"]
[EventType "team-tourn"]
[EventRounds "11"]
[EventCountry "HUN"]
[Source "chess.hu"]
[SourceDate "2024.11.04"]
[WhiteTeam "Balatonfuredi SC"]
[BlackTeam "ASE II. Paks"]
[WhiteTeamCountry "HUN"]
[BlackTeamCountry "HUN"]

1. d4 Nf6 2. c4 e6 3. Nc3 Bb4 4. Qc2 O-O 5. e4 d5 6. e5 Ne4 7. Bd3 f5 8. exf6
Nxf6 9. Nf3 c5 10. Be3 Nc6 11. O-O-O cxd4 12. Nxd4 e5 13. Nxc6 bxc6 14. cxd5
Bxc3 15. Qxc3 e4 16. Bc2 cxd5 17. f3 Be6 18. Kb1 Qc8 19. Qd4 Qa6 20. h4 Rfc8
21. Bb3 exf3 22. gxf3 Rab8 23. h5 Bf5+ 24. Ka1 Rxb3 25. Bg5 Rb5 26. h6 Ra5 0-1

[Event "NB1 Charousek csoport"]
[Site "Paks"]
[Date "2024.11.03"]
[Round "1.8"]
[White "Benedeczky, Lehel Dr"]
[Black "Forgacs, Attila"]
[Result "0-1"]
[WhiteElo "2137"]
[BlackElo "2112"]
[PlyCount "56"]
[EventDate "2024.11.03"]
[EventType "team-tourn"]
[EventRounds "11"]
[EventCountry "HUN"]
[Source "chess.hu"]
[SourceDate "2024.11.04"]
[WhiteTeam "ASE II. Paks"]
[BlackTeam "Balatonfuredi SC"]
[WhiteTeamCountry "HUN"]
[BlackTeamCountry "HUN"]

1. d4 Nf6 2. Nf3 g6 3. g3 Bg7 4. Bg2 O-O 5. O-O d6 6. Bg5 Nc6 7. Nbd2 Bf5 8.
Bxf6 Bxf6 9. e4 Bg4 10. h3 Bxf3 11. Nxf3 e5 12. c3 Bg7 13. Qb3 exd4 14. Qxb7
Qd7 15. Nxd4 Nxd4 16. cxd4 Bxd4 17. Qb4 c5 18. Qd2 Qe6 19. a4 Rab8 20. Rab1 Rb4
21. Kh2 Rfb8 22. f4 Rxb2 23. Qd3 R2b3 24. f5 Rxd3 25. fxe6 fxe6 26. Rb2 Bxb2
27. Rf3 Rd2 28. Rb3 c4 0-1

[Event "NB1 Charousek csoport"]
[Site "Paks"]
[Date "2024.11.03"]
[Round "1.9"]
[White "Vargyas, Zoltan"]
[Black "Toth, Nikoletta"]
[Result "1-0"]
[WhiteElo "1967"]
[BlackElo "1988"]
[PlyCount "51"]
[EventDate "2024.11.03"]
[EventType "team-tourn"]
[EventRounds "11"]
[EventCountry "HUN"]
[Source "chess.hu"]
[SourceDate "2024.11.04"]
[WhiteTeam "Balatonfuredi SC"]
[BlackTeam "ASE II. Paks"]
[WhiteTeamCountry "HUN"]
[BlackTeamCountry "HUN"]

1. d4 d5 2. c4 e6 3. Nf3 Nf6 4. Nc3 Be7 5. Bf4 O-O 6. e3 b6 7. Rc1 c5 8. dxc5
bxc5 9. Be2 Nc6 10. O-O d4 11. exd4 cxd4 12. Nb5 Bc5 13. Ne5 Bd7 14. Bf3 Rc8
15. Bxc6 Bxc6 16. Nxc6 Rxc6 17. Be5 d3 18. Qf3 d2 19. Rcd1 Rc8 20. Qf4 Nd7 21.
Rxd2 f6 22. Bd4 e5 23. Qf5 Rf7 24. Bxc5 Rxc5 25. Rdd1 Rxc4 26. Nd6 1-0

[Event "NB1 Charousek csoport"]
[Site "Paks"]
[Date "2024.11.03"]
[Round "1.10"]
[White "Buri, Petra Zsuzsanna"]
[Black "Bartha, Sandor"]
[Result "0-1"]
[WhiteElo "1996"]
[BlackElo "2006"]
[PlyCount "70"]
[EventDate "2024.11.03"]
[EventType "team-tourn"]
[EventRounds "11"]
[EventCountry "HUN"]
[Source "chess.hu"]
[SourceDate "2024.11.04"]
[WhiteTeam "ASE II. Paks"]
[BlackTeam "Balatonfuredi SC"]
[WhiteTeamCountry "HUN"]
[BlackTeamCountry "HUN"]

1. e4 c5 2. Nf3 d6 3. d4 cxd4 4. Nxd4 Nf6 5. Nc3 a6 6. Bc4 e6 7. Bb3 Be7 8. O-O
O-O 9. f4 Qc7 10. f5 e5 11. Nde2 Nbd7 12. Ng3 b5 13. Nh5 Bb7 14. Nd5 Bxd5 15.
Bxd5 Rac8 16. c3 Nxh5 17. Qxh5 Qc5+ 18. Kh1 Nf6 19. Qf3 Nxd5 20. exd5 f6 21.
Bd2 Bd8 22. Rfe1 Qc7 23. Rad1 Qf7 24. Be3 Rc4 25. Rc1 Ba5 26. b4 Bd8 27. Bd2
Re8 28. Rcd1 Bb6 29. a4 e4 30. Qg3 e3 31. a5 Ba7 32. Bxe3 Rxc3 33. Bxa7 Rxg3
34. Rxe8+ Qxe8 35. hxg3 Qh5+ 0-1

[Event "NB1 Charousek csoport"]
[Site "Paks"]
[Date "2024.11.03"]
[Round "1.11"]
[White "Fur, Katinka"]
[Black "Hegedus, Bernat"]
[Result "1/2-1/2"]
[WhiteElo "2009"]
[BlackElo "1880"]
[PlyCount "87"]
[EventDate "2024.11.03"]
[EventType "team-tourn"]
[EventRounds "11"]
[EventCountry "HUN"]
[Source "chess.hu"]
[SourceDate "2024.11.04"]
[WhiteTeam "Balatonfuredi SC"]
[BlackTeam "ASE II. Paks"]
[WhiteTeamCountry "HUN"]
[BlackTeamCountry "HUN"]

1. d4 d5 2. Nf3 c5 3. e3 e6 4. c4 Nf6 5. Nc3 Nc6 6. dxc5 Bxc5 7. a3 a5 8. Be2
O-O 9. O-O Re8 10. b3 Bf8 11. Bb2 Re7 12. Qc2 dxc4 13. Bxc4 e5 14. Rfd1 Qe8 15.
Nd5 Nxd5 16. Bxd5 h6 17. Rac1 Bd7 18. Nd2 Rc8 19. Nc4 Rc7 20. Nxa5 Bg4 21. Nxc6
bxc6 22. Bf3 Bxf3 23. gxf3 Re6 24. Kh1 Rd7 25. b4 Rxd1+ 26. Rxd1 Qc8 27. Rg1
Qd7 28. Rd1 Qc8 29. Qe4 Qa6 30. Qc2 Qa8 31. Rc1 c5 32. e4 cxb4 33. axb4 Bxb4
34. Qc8+ Qxc8 35. Rxc8+ Kh7 36. Kg2 f6 37. Bc1 Rd6 38. Rc7 Kg6 39. Be3 Bd2 40.
Rc2 Bb4 41. Rc1 Bd2 42. Rc2 Bb4 43. Rc1 Bd2 44. Rc2 1/2-1/2

[Event "NB1 Charousek csoport"]
[Site "Paks"]
[Date "2024.11.03"]
[Round "1.12"]
[White "Nagy, Lajos"]
[Black "Kun, Balint"]
[Result "0-1"]
[WhiteElo "1843"]
[BlackElo "1977"]
[PlyCount "68"]
[EventDate "2024.11.03"]
[EventType "team-tourn"]
[EventRounds "11"]
[EventCountry "HUN"]
[Source "chess.hu"]
[SourceDate "2024.11.04"]
[WhiteTeam "ASE II. Paks"]
[BlackTeam "Balatonfuredi SC"]
[WhiteTeamCountry "HUN"]
[BlackTeamCountry "HUN"]

1. e4 e6 2. d4 d5 3. Nc3 Nf6 4. e5 Nfd7 5. f4 c5 6. Nf3 Nc6 7. Be3 Qb6 8. Na4
Qa5+ 9. c3 cxd4 10. b4 Qc7 11. Nxd4 Nxd4 12. Bxd4 Be7 13. Be2 O-O 14. O-O Nb8
15. Bd3 g6 16. g4 Nc6 17. Rc1 f6 18. Qe2 b6 19. exf6 Bxf6 20. Bxf6 Rxf6 21. Qd2
Qd6 22. a3 Bd7 23. Nb2 Raf8 24. f5 exf5 25. gxf5 Bxf5 26. Bxf5 Rxf5 27. Rxf5
Rxf5 28. Rd1 Ne5 29. Qg2 Nf3+ 30. Kh1 Rh5 31. h3 Qe6 32. Qxf3 Rxh3+ 33. Kg2
Rxf3 34. Kxf3 Qf5+ 0-1

[Event "NB1 Charousek csoport"]
[Site "Gyor"]
[Date "2024.11.03"]
[Round "1.1"]
[White "Ostovic, Matija"]
[Black "Vertetics, Attila"]
[Result "1/2-1/2"]
[WhiteElo "2378"]
[BlackElo "2428"]
[PlyCount "23"]
[EventDate "2024.11.03"]
[EventType "team-tourn"]
[EventRounds "11"]
[EventCountry "HUN"]
[Source "chess.hu"]
[SourceDate "2024.11.04"]
[WhiteTeam "Tapolca Varosi SE"]
[BlackTeam "Gyori Elektromos"]
[WhiteTeamCountry "HUN"]
[BlackTeamCountry "HUN"]

1. e4 c6 2. d4 d5 3. Nc3 dxe4 4. Nxe4 Bf5 5. Ng3 Bg6 6. Nf3 Nd7 7. Bd3 Ngf6 8.
O-O e6 9. Re1 Bxd3 10. Qxd3 Be7 11. Bf4 O-O 12. c4 1/2-1/2

[Event "NB1 Charousek csoport"]
[Site "Gyor"]
[Date "2024.11.03"]
[Round "1.2"]
[White "Ezsol, Miklos"]
[Black "Acs, Marton"]
[Result "1/2-1/2"]
[WhiteElo "2316"]
[BlackElo "2137"]
[PlyCount "63"]
[EventDate "2024.11.03"]
[EventType "team-tourn"]
[EventRounds "11"]
[EventCountry "HUN"]
[Source "chess.hu"]
[SourceDate "2024.11.04"]
[WhiteTeam "Gyori Elektromos"]
[BlackTeam "Tapolca Varosi SE"]
[WhiteTeamCountry "HUN"]
[BlackTeamCountry "HUN"]

1. d4 d5 2. Nf3 Nf6 3. Bf4 g6 4. c3 Bg7 5. h3 O-O 6. Nbd2 b6 7. e3 c5 8. Bd3
Ba6 9. Bxa6 Nxa6 10. Qa4 Nc7 11. O-O Ne6 12. Bh2 cxd4 13. cxd4 Qd7 14. Qb3 Rfc8
15. Ne5 Qb7 16. Nd3 Bh6 17. Nf3 Ng5 18. Nxg5 Bxg5 19. Rfd1 e6 20. a4 a5 21.
Rac1 Ne4 22. Be5 Be7 23. Qb5 Nd6 24. Bxd6 Bxd6 25. g3 Rab8 26. h4 h5 27. Kf1
Kg7 28. Ke2 Rxc1 29. Rxc1 Rc8 30. Rxc8 Qxc8 31. Qb3 Qc6 32. Kd2 1/2-1/2

[Event "NB1 Charousek csoport"]
[Site "Gyor"]
[Date "2024.11.03"]
[Round "1.3"]
[White "Istvandi, Lajos"]
[Black "Farkas, Lajos Dr"]
[Result "1/2-1/2"]
[WhiteElo "2225"]
[BlackElo "2172"]
[PlyCount "33"]
[EventDate "2024.11.03"]
[EventType "team-tourn"]
[EventRounds "11"]
[EventCountry "HUN"]
[Source "chess.hu"]
[SourceDate "2024.11.04"]
[WhiteTeam "Tapolca Varosi SE"]
[BlackTeam "Gyori Elektromos"]
[WhiteTeamCountry "HUN"]
[BlackTeamCountry "HUN"]

1. d4 b5 2. e4 Bb7 3. Bd3 Nf6 4. Nd2 g6 5. Ngf3 a6 6. O-O Bg7 7. Re1 O-O 8. a4
b4 9. Nb3 d6 10. Bg5 a5 11. Qd2 Re8 12. Qf4 Nbd7 13. Bh6 e5 14. dxe5 Nxe5 15.
Bxg7 Nxf3+ 16. Qxf3 Kxg7 17. Nd4 1/2-1/2

[Event "NB1 Charousek csoport"]
[Site "Gyor"]
[Date "2024.11.03"]
[Round "1.4"]
[White "Schmikli, Laszlo"]
[Black "Dobos, Jozsef"]
[Result "1/2-1/2"]
[WhiteElo "2174"]
[BlackElo "2227"]
[PlyCount "104"]
[EventDate "2024.11.03"]
[EventType "team-tourn"]
[EventRounds "11"]
[EventCountry "HUN"]
[Source "chess.hu"]
[SourceDate "2024.11.04"]
[WhiteTeam "Gyori Elektromos"]
[BlackTeam "Tapolca Varosi SE"]
[WhiteTeamCountry "HUN"]
[BlackTeamCountry "HUN"]

1. f4 d5 2. Nf3 g6 3. g3 Bg7 4. Bg2 Nf6 5. O-O O-O 6. c3 b6 7. a4 a5 8. Na3 Bb7
9. d3 Nbd7 10. Ne5 Nxe5 11. fxe5 Nd7 12. d4 f6 13. e6 Nb8 14. c4 Na6 15. Qb3
dxc4 16. Qxc4 Bxg2 17. Kxg2 f5 18. Rd1 c6 19. Qxc6 Nb4 20. Qf3 Qd5 21. Qxd5
Nxd5 22. Nb5 Rf6 23. Nc3 Rd8 24. Kf3 Rxe6 25. e3 Rc6 26. Bd2 e5 27. Nxd5 Rxd5
28. Bc3 exd4 29. exd4 Kf7 30. Ra3 Re6 31. Rb3 Bh6 32. Rd3 g5 33. Rb5 g4+ 34.
Kf2 Red6 35. Rxd5 Rxd5 36. Rd1 f4 37. gxf4 Bxf4 38. Kg2 Bd6 39. Re1 Rh5 40. Rh1
Ke6 41. h3 Rxh3 42. Rxh3 gxh3+ 43. Kxh3 Kd5 44. Kg4 Ke4 45. Kg5 Bf4+ 46. Kg4
Be3 47. b4 axb4 48. Bxb4 Bxd4 49. Be7 Kd5 50. Bd8 Kc6 51. Kh5 Kd7 52. Bxb6 Bxb6
1/2-1/2

[Event "NB1 Charousek csoport"]
[Site "Gyor"]
[Date "2024.11.03"]
[Round "1.5"]
[White "Pasztor, Ferenc"]
[Black "Borzsei, Andras"]
[Result "0-1"]
[WhiteElo "2030"]
[BlackElo "2106"]
[PlyCount "72"]
[EventDate "2024.11.03"]
[EventType "team-tourn"]
[EventRounds "11"]
[EventCountry "HUN"]
[Source "chess.hu"]
[SourceDate "2024.11.04"]
[WhiteTeam "Tapolca Varosi SE"]
[BlackTeam "Gyori Elektromos"]
[WhiteTeamCountry "HUN"]
[BlackTeamCountry "HUN"]

1. d4 d5 2. Nf3 Nf6 3. c4 c6 4. Nc3 e6 5. e3 Nbd7 6. b3 Bb4 7. Bd2 O-O 8. a3
Bd6 9. Be2 Qe7 10. Qc1 dxc4 11. bxc4 e5 12. O-O Re8 13. Re1 e4 14. Nh4 Nf8 15.
g3 Ng4 16. Nxe4 Bc7 17. f3 Nxh2 18. Bb4 Qd7 19. Kf2 Rxe4 20. fxe4 Bxg3+ 21.
Kxg3 Qh3+ 22. Kf2 Qxh4+ 23. Kg1 Qg3+ 24. Kh1 Ng4 25. Bxg4 Bxg4 26. Rf1 Bf3+ 27.
Rxf3 Qxf3+ 28. Kg1 Qxe4 29. Bxf8 Rxf8 30. Qd2 Re8 31. Kf2 Re6 32. Rg1 Rh6 33.
Rg2 Rf6+ 34. Kg1 Qb1+ 35. Kh2 Rh6+ 36. Kg3 Qf5 0-1

[Event "NB1 Charousek csoport"]
[Site "Gyor"]
[Date "2024.11.03"]
[Round "1.6"]
[White "Horvath, Tamas"]
[Black "Juhasz, Judit"]
[Result "1/2-1/2"]
[WhiteElo "2105"]
[BlackElo "2008"]
[PlyCount "54"]
[EventDate "2024.11.03"]
[EventType "team-tourn"]
[EventRounds "11"]
[EventCountry "HUN"]
[Source "chess.hu"]
[SourceDate "2024.11.04"]
[WhiteTeam "Gyori Elektromos"]
[BlackTeam "Tapolca Varosi SE"]
[WhiteTeamCountry "HUN"]
[BlackTeamCountry "HUN"]

1. Nf3 c5 2. c4 Nc6 3. g3 e5 4. Nc3 g6 5. Bg2 Bg7 6. O-O Nge7 7. Ne1 O-O 8. d3
d6 9. Nc2 a6 10. a3 Rb8 11. Ne3 b5 12. Rb1 b4 13. axb4 Nxb4 14. Bd2 f5 15. Ned5
Nec6 16. Nxb4 Nxb4 17. Nd5 a5 18. Bc3 Bb7 19. Ra1 Bc6 20. Bxb4 axb4 21. Ra7 Kh8
22. Qd2 g5 23. Rfa1 Bxd5 24. Bxd5 Qf6 25. Rc7 Rbc8 26. Rd7 Rcd8 27. Rc7 Rc8
1/2-1/2

[Event "NB1 Charousek csoport"]
[Site "Gyor"]
[Date "2024.11.03"]
[Round "1.7"]
[White "Marton, Jozsef"]
[Black "Jozsa, Csaba"]
[Result "1-0"]
[WhiteElo "2031"]
[BlackElo "2132"]
[PlyCount "115"]
[EventDate "2024.11.03"]
[EventType "team-tourn"]
[EventRounds "11"]
[EventCountry "HUN"]
[Source "chess.hu"]
[SourceDate "2024.11.04"]
[WhiteTeam "Tapolca Varosi SE"]
[BlackTeam "Gyori Elektromos"]
[WhiteTeamCountry "HUN"]
[BlackTeamCountry "HUN"]

1. d4 Nf6 2. Bf4 c5 3. c3 e6 4. e3 cxd4 5. exd4 Nc6 6. Nf3 d5 7. Nbd2 Bd6 8.
Bg3 Bxg3 9. hxg3 Qd6 10. Bd3 O-O 11. Qe2 h6 12. Ne5 Nd7 13. f4 f6 14. Ng4 f5
15. Nxh6+ gxh6 16. Qh5 Rf6 17. O-O-O Nf8 18. Nf3 Bd7 19. Ne5 Be8 20. Qh4 Qe7
21. g4 Nxe5 22. dxe5 Rf7 23. Qh3 Rg7 24. gxf5 exf5 25. Bxf5 Rd8 26. Qxh6 Bg6
27. Bxg6 Rxg6 28. Qh8+ Kf7 29. Qh5 Kg8 30. g4 Qh7 31. Qf5 Qf7 32. Rh8+ Kg7 33.
Rdh1 Qxf5 34. gxf5 Rg4 35. f6+ Kf7 36. R1h7+ Nxh7 37. Rxd8 Nf8 38. f5 Rf4 39.
e6+ Nxe6 40. Rd7+ Kxf6 41. fxe6 Kxe6 42. Rxb7 Ra4 43. Kb1 Kd6 44. b3 Ra6 45. a4
Kc6 46. Rh7 Kc5 47. Kc2 Rg6 48. b4+ Kb6 49. a5+ Ka6 50. Rd7 Rg5 51. Kd3 Kb5 52.
Kd4 Kc6 53. Rxa7 Rg4+ 54. Kd3 Rg3+ 55. Kc2 d4 56. Ra6+ Kb5 57. Rb6+ Ka4 58.
cxd4 1-0

[Event "NB1 Charousek csoport"]
[Site "Gyor"]
[Date "2024.11.03"]
[Round "1.8"]
[White "Papai, Mate"]
[Black "Toth, Barnabas"]
[Result "1-0"]
[WhiteElo "1956"]
[BlackElo "1938"]
[PlyCount "61"]
[EventDate "2024.11.03"]
[EventType "team-tourn"]
[EventRounds "11"]
[EventCountry "HUN"]
[Source "chess.hu"]
[SourceDate "2024.11.04"]
[WhiteTeam "Gyori Elektromos"]
[BlackTeam "Tapolca Varosi SE"]
[WhiteTeamCountry "HUN"]
[BlackTeamCountry "HUN"]

1. d4 d5 2. c4 e6 3. Nc3 a6 4. cxd5 exd5 5. Nf3 Nf6 6. Bg5 Be6 7. e3 Nbd7 8.
Qc2 h6 9. Bh4 g5 10. Bg3 Nh5 11. Bd3 c6 12. Bf5 Qf6 13. Bxe6 Qxe6 14. O-O-O Be7
15. e4 Nxg3 16. exd5 Ne2+ 17. Nxe2 cxd5 18. Nc3 b5 19. Rde1 Qd6 20. Qf5 Nb6 21.
Re5 Rd8 22. Ree1 Rd7 23. a3 O-O 24. h4 Bf6 25. hxg5 Be5 26. Nxe5 Rc7 27. Ng4
Qg6 28. Nxh6+ Kh7 29. Qe5 Rxc3+ 30. bxc3 Rc8 31. Nf5+ 1-0

[Event "NB1 Charousek csoport"]
[Site "Gyor"]
[Date "2024.11.03"]
[Round "1.9"]
[White "Alexandrova, Angelina"]
[Black "Pesti, Mate"]
[Result "0-1"]
[WhiteElo "1876"]
[BlackElo "1968"]
[PlyCount "84"]
[EventDate "2024.11.03"]
[EventType "team-tourn"]
[EventRounds "11"]
[EventCountry "HUN"]
[Source "chess.hu"]
[SourceDate "2024.11.04"]
[WhiteTeam "Tapolca Varosi SE"]
[BlackTeam "Gyori Elektromos"]
[WhiteTeamCountry "HUN"]
[BlackTeamCountry "HUN"]

1. e4 c5 2. c3 Nf6 3. e5 Nd5 4. d4 cxd4 5. cxd4 Nc6 6. Nf3 e6 7. Bc4 d6 8. O-O
Be7 9. Re1 O-O 10. Nc3 Nxc3 11. bxc3 dxe5 12. dxe5 Qxd1 13. Rxd1 Rd8 14. Bf4
Bd7 15. Rab1 Na5 16. Be2 Rac8 17. Rd3 Be8 18. Rxd8 Bxd8 19. h3 b6 20. Bd2 Be7
21. Nd4 Nc4 22. Bxc4 Rxc4 23. f4 Bc5 24. Rc1 Bc6 25. Kf1 Bd5 26. Nb3 Be7 27. g3
Ra4 28. Nd4 Rxa2 29. Be3 Bc4+ 30. Kg1 Bc5 31. Rd1 h6 32. Rd2 Ra3 33. Rc2 Bd3
34. Rc1 Be4 35. Kf1 Ra2 36. h4 a5 37. Re1 Bg2+ 38. Kg1 Bd5 39. Nb5 Rg2+ 40. Kf1
Rxg3 41. Bxc5 bxc5 42. Kf2 Rf3+ 0-1

[Event "NB1 Charousek csoport"]
[Site "Gyor"]
[Date "2024.11.03"]
[Round "1.10"]
[White "Csuri, Szilveszter"]
[Black "Heiligermann, Gabor"]
[Result "1/2-1/2"]
[WhiteElo "1944"]
[BlackElo "1952"]
[PlyCount "25"]
[EventDate "2024.11.03"]
[EventType "team-tourn"]
[EventRounds "11"]
[EventCountry "HUN"]
[Source "chess.hu"]
[SourceDate "2024.11.04"]
[WhiteTeam "Gyori Elektromos"]
[BlackTeam "Tapolca Varosi SE"]
[WhiteTeamCountry "HUN"]
[BlackTeamCountry "HUN"]

1. e4 c5 2. Nf3 Nc6 3. Nc3 g6 4. Be2 Bg7 5. O-O d6 6. a3 Nf6 7. d4 cxd4 8. Nxd4
O-O 9. Be3 Bd7 10. Qd2 Ng4 11. Bxg4 Bxg4 12. Nxc6 bxc6 13. Bd4 1/2-1/2

[Event "NB1 Charousek csoport"]
[Site "Gyor"]
[Date "2024.11.03"]
[Round "1.11"]
[White "Bencze, Balazs Dominik"]
[Black "Steiner, Botond"]
[Result "0-1"]
[WhiteElo "1844"]
[BlackElo "1965"]
[PlyCount "78"]
[EventDate "2024.11.03"]
[EventType "team-tourn"]
[EventRounds "11"]
[EventCountry "HUN"]
[Source "chess.hu"]
[SourceDate "2024.11.04"]
[WhiteTeam "Tapolca Varosi SE"]
[BlackTeam "Gyori Elektromos"]
[WhiteTeamCountry "HUN"]
[BlackTeamCountry "HUN"]

1. d4 d5 2. Nf3 Nf6 3. c4 e6 4. Bg5 Be7 5. e3 O-O 6. Bd3 b6 7. Ne5 Bb7 8. O-O
Nbd7 9. Bxf6 Bxf6 10. f4 Nxe5 11. fxe5 Bg5 12. Qe2 c5 13. Rd1 Qc7 14. cxd5 exd5
15. Nd2 Rae8 16. Nf3 Bh6 17. b3 f6 18. a4 fxe5 19. Nxe5 Rxe5 20. dxe5 Qxe5 21.
Rf1 Bxe3+ 22. Kh1 Rxf1+ 23. Rxf1 g6 24. Qf3 Qe7 25. Qf6 Bg5 26. Qxe7 Bxe7 27.
Kg1 Bc8 28. Kf2 Be6 29. Ke2 Kg7 30. Kd2 Bf6 31. Kc2 Kf7 32. g3 Ke7 33. h4 Be5
34. Rg1 c4 35. bxc4 dxc4 36. Bf1 Kd6 37. h5 Bf5+ 38. Kd2 c3+ 39. Ke3 Kc5 0-1

[Event "NB1 Charousek csoport"]
[Site "Dunaharaszti"]
[Date "2024.11.03"]
[Round "1.1"]
[White "Grover, Sahaj"]
[Black "Stevic, Hrvoje"]
[Result "0-1"]
[WhiteElo "2464"]
[BlackElo "2548"]
[PlyCount "82"]
[EventDate "2024.11.03"]
[EventType "team-tourn"]
[EventRounds "11"]
[EventCountry "HUN"]
[Source "chess.hu"]
[SourceDate "2024.11.04"]
[WhiteTeam "Sentimento Ajka BSK "]
[BlackTeam "Dunaharaszti MTK"]
[WhiteTeamCountry "HUN"]
[BlackTeamCountry "HUN"]

1. e4 e5 2. Nf3 Nc6 3. Bb5 a6 4. Ba4 Nf6 5. d3 d6 6. c3 g6 7. O-O Bg7 8. Re1
O-O 9. Nbd2 Re8 10. h3 h6 11. Nf1 b5 12. Bc2 Bb7 13. a4 Nb8 14. b4 Nbd7 15. Be3
c5 16. Qb1 Bc6 17. N1d2 cxb4 18. axb5 axb5 19. Qxb4 d5 20. Qb2 Qc7 21. Nh2 Reb8
22. f3 b4 23. cxb4 Rxa1 24. Rxa1 d4 25. Bf2 Bf8 26. Qc1 Bxb4 27. Nc4 Bb5 28.
Qxh6 Bxc4 29. dxc4 Qxc4 30. Bd1 Bc3 31. Rc1 Qa2 32. Nf1 Rb2 33. Qh4 Nh5 34. Nh2
Kg7 35. Ng4 Rb1 36. Rxb1 Qxb1 37. Qe7 Qxd1+ 38. Kh2 Qa4 39. Qe8 Bd2 40. Bh4
Bf4+ 41. g3 Qc2+ 0-1

[Event "NB1 Charousek csoport"]
[Site "Dunaharaszti"]
[Date "2024.11.03"]
[Round "1.2"]
[White "Jovanovic, Zoran"]
[Black "Kolimar, Kristof Pal"]
[Result "1-0"]
[WhiteElo "2520"]
[BlackElo "2286"]
[PlyCount "81"]
[EventDate "2024.11.03"]
[EventType "team-tourn"]
[EventRounds "11"]
[EventCountry "HUN"]
[Source "chess.hu"]
[SourceDate "2024.11.04"]
[WhiteTeam "Dunaharaszti MTK"]
[BlackTeam "Sentimento Ajka BSK "]
[WhiteTeamCountry "HUN"]
[BlackTeamCountry "HUN"]

1. e4 c5 2. Nf3 e6 3. Nc3 a6 4. g3 Nc6 5. Bg2 d6 6. d4 cxd4 7. Nxd4 Bd7 8. O-O
Nf6 9. Re1 Be7 10. Nxc6 Bxc6 11. a4 O-O 12. Be3 Nd7 13. a5 b5 14. axb6 Nxb6 15.
Nd5 exd5 16. exd5 Be8 17. Bxb6 Qxb6 18. Rxe7 Qxb2 19. c4 Qb4 20. Qd4 Ba4 21.
Re3 Bc2 22. Qc3 Qxc3 23. Rxc3 Bf5 24. Rca3 Rfb8 25. Rxa6 Rxa6 26. Rxa6 Rb1+ 27.
Bf1 g5 28. Kg2 g4 29. f4 gxf3+ 30. Kf2 Be4 31. g4 h5 32. h3 h4 33. Rxd6 Kf8 34.
Rf6 Rxf1+ 35. Kxf1 Bd3+ 36. Kf2 Bxc4 37. d6 Bd5 38. g5 Ke8 39. Ke3 Kd7 40. Kd4
Be6 41. Ke5 1-0

[Event "NB1 Charousek csoport"]
[Site "Dunaharaszti"]
[Date "2024.11.03"]
[Round "1.3"]
[White "Czebe, Attila"]
[Black "Gonda, Laszlo"]
[Result "1/2-1/2"]
[WhiteElo "2306"]
[BlackElo "2494"]
[PlyCount "21"]
[EventDate "2024.11.03"]
[EventType "team-tourn"]
[EventRounds "11"]
[EventCountry "HUN"]
[Source "chess.hu"]
[SourceDate "2024.11.04"]
[WhiteTeam "Sentimento Ajka BSK "]
[BlackTeam "Dunaharaszti MTK"]
[WhiteTeamCountry "HUN"]
[BlackTeamCountry "HUN"]

1. Nf3 d5 2. g3 Bg4 3. Bg2 e6 4. O-O c6 5. d3 Nf6 6. c4 Nbd7 7. cxd5 exd5 8. h3
Bh5 9. e4 dxe4 10. dxe4 Bc5 11. Nc3 1/2-1/2

[Event "NB1 Charousek csoport"]
[Site "Dunaharaszti"]
[Date "2024.11.03"]
[Round "1.4"]
[White "Nguyen, Huynh Minh Huy"]
[Black "Horvath, Peter"]
[Result "1/2-1/2"]
[WhiteElo "2423"]
[BlackElo "2352"]
[PlyCount "41"]
[EventDate "2024.11.03"]
[EventType "team-tourn"]
[EventRounds "11"]
[EventCountry "HUN"]
[Source "chess.hu"]
[SourceDate "2024.11.04"]
[WhiteTeam "Dunaharaszti MTK"]
[BlackTeam "Sentimento Ajka BSK "]
[WhiteTeamCountry "HUN"]
[BlackTeamCountry "HUN"]

1. d4 d5 2. c4 e6 3. Nc3 Bb4 4. a3 Bxc3+ 5. bxc3 c5 6. e3 Qc7 7. Qg4 Kf8 8. Qg3
Qxg3 9. hxg3 Nf6 10. f3 b6 11. a4 cxd4 12. cxd4 dxc4 13. Bxc4 Ba6 14. Bxa6 Nxa6
15. e4 Rc8 16. Ne2 Ke7 17. g4 h6 18. Ba3+ Kd7 19. Kd2 Rhd8 20. Rhc1 Nb8 21. Bb4
1/2-1/2

[Event "NB1 Charousek csoport"]
[Site "Dunaharaszti"]
[Date "2024.11.03"]
[Round "1.5"]
[White "Jakab, Attila"]
[Black "Csiki, Endre"]
[Result "0-1"]
[WhiteElo "2239"]
[BlackElo "2276"]
[PlyCount "74"]
[EventDate "2024.11.03"]
[EventType "team-tourn"]
[EventRounds "11"]
[EventCountry "HUN"]
[Source "chess.hu"]
[SourceDate "2024.11.04"]
[WhiteTeam "Sentimento Ajka BSK "]
[BlackTeam "Dunaharaszti MTK"]
[WhiteTeamCountry "HUN"]
[BlackTeamCountry "HUN"]

1. d4 Nf6 2. c4 e6 3. Nc3 Bb4 4. Qc2 O-O 5. a3 Bxc3+ 6. Qxc3 b6 7. Nf3 Bb7 8.
g3 d6 9. Bg2 Nbd7 10. O-O Qe7 11. b3 Rab8 12. Bb2 Ne4 13. Qe3 f5 14. Ne1 Nef6
15. Bxb7 Rxb7 16. Nd3 Rbb8 17. Nb4 Qf7 18. Nc6 Ra8 19. b4 Nb8 20. d5 Nxc6 21.
dxc6 e5 22. c5 bxc5 23. bxc5 Rab8 24. Bc1 Rb3 25. Qd2 Ne4 26. Qa5 Nxc5 27. Be3
Ne6 28. Rab1 Rxb1 29. Rxb1 f4 30. Bxa7 f3 31. Qd2 Nf4 32. exf3 Nh3+ 33. Kg2
Qxf3+ 34. Kxh3 Qf5+ 35. Kg2 Qxb1 36. Qd5+ Kh8 37. Be3 Ra8 0-1

[Event "NB1 Charousek csoport"]
[Site "Dunaharaszti"]
[Date "2024.11.03"]
[Round "1.6"]
[White "Popovics, Adam"]
[Black "Martini, Balazs"]
[Result "1-0"]
[WhiteElo "2356"]
[BlackElo "2361"]
[PlyCount "57"]
[EventDate "2024.11.03"]
[EventType "team-tourn"]
[EventRounds "11"]
[EventCountry "HUN"]
[Source "chess.hu"]
[SourceDate "2024.11.04"]
[WhiteTeam "Dunaharaszti MTK"]
[BlackTeam "Sentimento Ajka BSK "]
[WhiteTeamCountry "HUN"]
[BlackTeamCountry "HUN"]

1. d4 Nf6 2. c4 g6 3. Nc3 Bg7 4. e4 d6 5. f4 O-O 6. Nf3 Na6 7. Bd3 e5 8. fxe5
dxe5 9. d5 Ne8 10. Be3 Qe7 11. O-O c5 12. dxc6 bxc6 13. Qa4 Nec7 14. Rad1 Bb7
15. Qa5 f6 16. c5 Rfd8 17. Rd2 Kh8 18. Rfd1 Rd7 19. Bxa6 Rxd2 20. Bxb7 Rxd1+
21. Nxd1 Rd8 22. Nf2 Ne6 23. Bxc6 Nd4 24. Bxd4 exd4 25. Nd3 f5 26. Qe1 Bh6 27.
exf5 Be3+ 28. Kf1 gxf5 29. Qh4 1-0